000 00886nam a22002297a 4500
005 20090521124140.0
008 090521t xxu||||| |||| 00| 0 eng d
010 _aENG-93643
020 _a9788178127224
_c350.00
035 _aEN-77176
037 _bDBAD / PUB
040 _adpl
_bEnglish
082 _a333.7
100 _aPandey, Ravindra
245 _aR. Gupta's popular master guide UGC NET/SLET:
_benvironmental science /
260 _aNew Delhi
_bRamesh Publishing House
_c2009
270 _a12-H, New Daryaganj Road, Opp. Traffic Kotwalil,
_bNew Delhi
_e110002
300 _aVarious pagings
_c25cm(pbk)
650 _aEnvironmental sciences
942 _2ddc
_cEN
_mPAN
_h333.7
999 _c26660
_d26660